000 00599nam a2200229Ia 4500
003 GCL
008 140319s9999 xx 000 0 eng d
040 _aGCL /
_cGCL
082 0 4 _a371.930941
_bC E
100 1 _aCOOPER, PAUL
245 1 0 _aEMOTIONAL AND BEHAVIOURAL DIFFICULTIES /
_cCOOPER, PAUL
700 1 _aSMITH, CALIN
700 1 _aUPTON, GRAHAM
260 _a[S.N] :
_bROUTLEDGE ،
_c1994
300 _a210 P
650 0 4 _aBEHAVIOR MODIFICATION
650 0 4 _aCLASSROOM MANAGEMENT
650 0 4 _aEDUCATION
650 0 4 _aGREAT BRITAIN
650 0 4 _aCHILDREN - CARE
942 _2ddc
_cBK
999 _c19340
_d19340